[Event "56th Rubinstein Memorial D 2020"]
[Site "Polanica Zdroj"]
[Date "2020.08.21"]
[Round "7.6"]
[White "Bukala, Weronika"]
[Black "Szmidt, Przemyslaw"]
[Result "0-1"]
[WhiteElo "1504"]
[BlackElo "1831"]
[Annotator "NA"]
[PlyCount "68"]
[EventDate "2020.08.15"]
[EventType "swiss"]
[EventCountry "POL"]
[SourceTitle "playchess.com"]
[Source "ChessBase"]
[SourceQuality "1"]
[TimeControl "40/5400+30:1800+30"]

{[%evp 16,68,12,32767,21,32767,5,32767,22,15,20,8,0,29,50,56,104,32767,-161,32767,-163,-178,-150,-162,-123,-94,-108,32767,-130,-154,-123,-182,32767,-258,-225,-252,-256,-447,-471,-470,-465,-642,-701,-677,32767,32767,-2077,-2597,-847,32767,-798,-29996,-29997,-29997,-892]} 1. e4 {[%emt 0:00:16]} e5 {[%emt 0:00:02]} 2. Nf3 {[%emt 0:00:07]} Nc6 {[%emt 0:00:12]} 3. Bb5 {[%emt 0:00:05]} Nf6 {[%emt 0:01:18]} 4. Nc3 {[%emt 0:02:48]} d6 {[%emt 0:01:37]} 5. Bxc6+ {[%emt 0:00:34]} bxc6 {[%emt 0:00:06]} 6. h3 {[%emt 0:00:07]} Be7 {[%emt 0:00:16] C48: Four Knights: 4 Bb5, replies other than 4...Bb4.} 7. d4 {[%emt 0:01:23]} exd4 {[%emt 0:00:18]} 8. Nxd4 {[%emt 0:01:05]} Bd7 {[%emt 0:00:09]} 9. Bf4 {[%emt 0:02:05]} O-O {[%emt 0:02:10]} 10. O-O {[%emt 0:00:21]} c5 {[%emt 0:04:15]} 11. Nf3 {[%emt 0:01:59]} Bc6 {[%emt 0:00:26]} 12. Re1 {[%emt 0:01:31]} Rb8 {[%emt 0:02:23]} 13. b3 {[%emt 0:01:24] [#]} Rb4 $146 {[%emt 0:01:59]} ({Predecessor:} 13... Nd7 14. e5 Nb6 15. exd6 cxd6 16. Qd3 Rb7 17. a4 a5 18. Rad1 Rd7 19. Re2 h6 {½-½ (63) Azarov,S (2629)-Dzhumaev,M (2549) Kazan 2013}) 14. a3 {[%emt 0:00:30]} Rb8 {[%emt 0:02:09]} 15. e5 {[%emt 0:02:12]} Ne8 {[%emt 0:07:39]} 16. e6 {[%emt 0:03:23]} fxe6 {[%emt 0:00:20]} 17. Bg3 {[%emt 0:05:30]} Bxf3 {[%emt 0:01:56]} 18. gxf3 {[%emt 0:00:07]} Bf6 {[%emt 0:01:56]} 19. Qd3 {[%emt 0:01:25]} Bxc3 {[%emt 0:01:24]} 20. Qxc3 {[%emt 0:00:10]} e5 {[%emt 0:00:26]} 21. Rad1 {[%emt 0:02:17]} Qf6 {[%emt 0:00:37]} 22. Rd3 {[%emt 0:02:03]} g6 {[%emt 0:02:43]} 23. Re4 {[%emt 0:02:22]} Ng7 {[%emt 0:00:57]} 24. Qa5 $2 {[%emt 0:03:24]} (24. f4 $17) 24... Qf7 {[%emt 0:00:59]} 25. Ra4 {[%emt 0:08:38]} Nf5 {[%emt 0:00:52]} 26. Bxe5 $2 {[%emt 0:05:13]} (26. Kg2) 26... dxe5 {[%emt 0:00:36]} 27. Qxc5 {[%emt 0:00:40]} Nd4 {[%emt 0:00:21]} 28. Kg2 {[%emt 0:04:12]} Nxf3 {[%emt 0:00:20]} 29. Rd1 {[%emt 0:03:41]} Nd4 {[%emt 0:03:42]} 30. Rd2 {[%emt 0:01:52]} Qf3+ {[%emt 0:00:48]} 31. Kg1 {[%emt 0:04:18]} Qf4 {[%emt 0:00:46]} 32. Rdxd4 {[%emt 0:01:23]} Qxf2+ {[%emt 0:00:34] Pin} 33. Kh1 {[%emt 0:00:27]} Qf1+ {[%emt 0:00:17] Double Attack} 34. Kh2 {[%emt 0:00:15]} Rf2+ {[%emt 0:00:12]} 0-1

[Event "56th Rubinstein Memorial D 2020"]
[Site "Polanica Zdroj"]
[Date "2020.08.21"]
[Round "7.7"]
[White "Grzelak, Piotr"]
[Black "Wawrzyniak, Pawel"]
[Result "0-1"]
[WhiteElo "1664"]
[BlackElo "1824"]
[Annotator "NA"]
[PlyCount "100"]
[EventDate "2020.08.15"]
[EventType "swiss"]
[EventCountry "POL"]
[SourceTitle "playchess.com"]
[Source "ChessBase"]
[SourceQuality "1"]
[TimeControl "40/5400+30:1800+30"]

1. e4 {[%emt 0:03:46]} c6 {[%emt 0:00:00]} 2. d4 {[%emt 0:00:06]} d5 {[%emt 0:00:00]} 3. e5 {[%emt 0:00:04]} Bf5 {[%emt 0:00:00]} 4. h4 {[%emt 0:00:11]} h5 {[%emt 0:00:54]} 5. Ne2 {[%emt 0:01:30]} e6 {[%emt 0:05:14]} 6. Ng3 {[%emt 0:03:11]} Bg6 {[%emt 0:00:45]} 7. Bd3 {[%emt 0:00:26] has lost popularity (7.Be2).} Bxd3 {[%emt 0:00:29] B12: Caro-Kann: Advance Variation.} 8. Qxd3 {[%emt 0:00:03]} c5 {[%emt 0:07:48]} 9. c3 {[%emt 0:01:07]} Qb6 {[%emt 0:00:15]} 10. O-O {[%emt 0:01:44]} Nc6 {[%emt 0:10:39]} 11. Be3 {[%emt 0:01:21]} (11. Ne2 $1 $11) 11... Qxb2 {[%emt 0:26:19]} 12. Nd2 {[%emt 0:02:43]} c4 {[%emt 0:16:17] [#]} 13. Rfb1 $146 {[%emt 0:00:27]} ({Predecessor:} 13. Nxc4 dxc4 14. Qxc4 Qa3 15. Rab1 Qe7 16. Bg5 Qd7 17. Ne4 Rc8 18. Qe2 Na5 19. Rfd1 {0-1 (33) Luz,A (2165)-Molina,R (2431) Florianopolis 2020}) 13... Qa3 {[%emt 0:00:14]} ({Much worse is} 13... cxd3 $6 14. Rxb2 b6 15. Nf3 $11) ({Black should try} 13... Qxa1 $17 14. Qc2 {[#]} Qxb1+ $1 {[%mdl 512]} 15. Qxb1 O-O-O) 14. Qc2 {[%emt 0:00:43]} b6 {[%emt 0:03:37]} 15. f4 {[%emt 0:00:25]} g6 {[%emt 0:00:54]} 16. Nf3 {[%emt 0:01:57]} Nh6 {[%emt 0:02:21]} 17. Ng5 {[%emt 0:04:36]} (17. Nf1 $17 {is a better defense.}) 17... Ne7 {[%emt 0:08:52]} 18. Bc1 {[%emt 0:02:21]} Qa6 {[%emt 0:00:46]} 19. a4 {[%emt 0:01:02]} Nhf5 {[%emt 0:00:17]} 20. Nxf5 {[%emt 0:00:50]} Nxf5 {[%emt 0:00:02]} 21. a5 {[%emt 0:00:24]} b5 {[%emt 0:01:09]} 22. Nf3 {[%emt 0:04:37]} Be7 {[%emt 0:00:26]} 23. Ba3 {[%emt 0:01:13]} Nxh4 {[%emt 0:06:39]} 24. Nxh4 {[%emt 0:00:32]} Bxh4 {[%emt 0:00:01]} 25. Bd6 {[%emt 0:01:58]} Be7 {[%emt 0:01:23]} 26. Bxe7 {[%emt 0:00:20]} Kxe7 {[%emt 0:00:01]} 27. Qb2 {[%emt 0:03:24]} Rab8 {[%emt 0:01:59]} 28. Qa3+ {[%emt 0:00:59]} Kd7 {[%emt 0:00:13]} 29. Rb2 {[%emt 0:00:19]} Qc6 {[%emt 0:03:11]} 30. a6 {[%emt 0:00:33]} Rb6 {[%emt 0:00:50]} 31. Rb4 {[%emt 0:00:46]} Rhb8 {[%emt 0:00:21]} 32. Kf2 {[%emt 0:01:26]} Qc8 {[%emt 0:01:34]} 33. g3 {[%emt 0:01:10]} Rc6 {[%emt 0:00:52]} 34. Rab1 {[%emt 0:02:13]} Qxa6 {[%emt 0:00:49]} 35. Qc1 {[%emt 0:00:27]} Rcb6 {[%emt 0:00:34]} 36. Ra1 {[%emt 0:00:34]} Qb7 {[%emt 0:00:12]} 37. Ra5 {[%emt 0:01:15]} a6 {[%emt 0:00:47]} 38. Qa3 {[%emt 0:00:59]} Qc6 {[%emt 0:00:26]} 39. Rb1 {[%emt 0:01:20]} Ra8 {[%emt 0:00:50]} 40. Qb4 {[%emt 0:00:13]} Qc8 {[%emt 0:00:27]} 41. Rba1 {[%emt 0:30:11]} Qf8 {[%emt 0:30:22]} 42. Qb1 {[%emt 0:01:32]} Kc7 {[%emt 0:00:38]} 43. Qa2 {[%emt 0:01:26]} Kb7 {[%emt 0:00:23]} 44. Rb1 {[%emt 0:00:29]} Qe7 {[%emt 0:00:26]} 45. Kf3 {[%emt 0:00:59]} g5 {[%emt 0:00:42]} 46. Rh1 {[%emt 0:00:42]} Rh8 {[%emt 0:00:26]} 47. Ra1 {[%emt 0:00:18] [#]} Ra8 $2 {[%emt 0:00:45]} (47... g4+ $1 $19 48. Kg2 Ra8) 48. Rh1 $1 {[%emt 0:00:23]} h4 {[%emt 0:00:40]} 49. gxh4 {[%emt 0:00:42]} gxh4 {[%emt 0:00:02]} 50. Qg2 $19 {[%emt 0:00:48]} b4 {[%emt 0:00:17]} 0-1

[Event "56th Rubinstein Memorial D 2020"]
[Site "Polanica Zdroj"]
[Date "2020.08.21"]
[Round "7.8"]
[White "Podgorski, Maciej"]
[Black "Bialik, Nikodem"]
[Result "1-0"]
[WhiteElo "1810"]
[BlackElo "1552"]
[Annotator "NA"]
[PlyCount "91"]
[EventDate "2020.08.15"]
[EventType "swiss"]
[EventCountry "POL"]
[SourceTitle "playchess.com"]
[Source "ChessBase"]
[SourceQuality "1"]
[TimeControl "40/5400+30:1800+30"]

{[%evp 22,79,34,32,30,25,39,37,47,16,32767,32767,76,33,32767,32767,32767,35,224,32767,216,276,307,32767,32767,316,32767,32767,319,359,372,381,695,1023,1308,515,32767,32767,573,411,541,675,593,438,32767,32767,447,519,511,591,612,568,570,570,562,683,1050,1070,1511,1934]} 1. e4 {[%emt 0:08:27]} e6 {[%emt 0:00:00]} 2. d4 {[%emt 0:00:05]} d5 {[%emt 0:00:00]} 3. Nc3 {[%emt 0:00:05]} Bb4 {[%emt 0:00:00]} 4. e5 {[%emt 0:00:04]} c5 {[%emt 0:00:04]} 5. a3 {[%emt 0:00:05]} Bxc3+ {[%emt 0:00:49]} 6. bxc3 {[%emt 0:00:07]} Qc7 {[%emt 0:00:24]} 7. h4 {[%emt 0:00:24] C18: French: 3 Nc3 Bb4: Main line: 7 h4 and 7 Qg4.} cxd4 {[%emt 0:02:10]} 8. cxd4 {[%emt 0:00:06]} Ne7 {[%emt 0:00:26]} 9. Nf3 {[%emt 0:00:52]} b6 {[%emt 0:00:53]} 10. h5 {[%emt 0:00:59]} h6 {[%emt 0:00:30] [#]} 11. a4 $146 {[%emt 0:00:25]} ({Predecessor:} 11. Bb5+ Bd7 12. Bd3 Bc8 13. O-O Ba6 14. a4 Bxd3 15. cxd3 Nbc6 16. Qd2 O-O 17. Ba3 {1-0 (65) Poetz,F (2416)-Ganaus,H (2287) Linz 2011}) 11... Nbc6 {[%emt 0:01:54]} 12. Ba3 {[%emt 0:00:30]} Na5 {[%emt 0:01:45]} 13. Bb4 {[%emt 0:03:22]} Nc4 {[%emt 0:01:11]} 14. Nd2 {[%emt 0:00:20]} Ba6 {[%emt 0:02:06]} 15. Rh3 {[%emt 0:03:43]} Nb2 {[%emt 0:02:19]} 16. Qc1 {[%emt 0:02:28]} Bxf1 {[%emt 0:00:55]} 17. Kxf1 {[%emt 0:00:30]} Nc4 {[%emt 0:00:17]} 18. Kg1 {[%emt 0:00:47]} Rc8 {[%emt 0:01:09]} 19. c3 {[%emt 0:06:10]} Nc6 $2 {[%emt 0:00:58]} (19... Na5 $14) 20. Nxc4 {[%emt 0:00:16]} dxc4 {[%emt 0:00:13]} 21. Bd6 {[%emt 0:00:04]} Qd7 {[%emt 0:03:08]} 22. Rg3 {[%emt 0:00:06]} Ne7 {[%emt 0:06:36]} 23. Bxe7 $1 {[%emt 0:00:35]} ({Not} 23. Rxg7 Nf5 $16 {[%mdl 64] Double Attack}) 23... Qxe7 {[%emt 0:00:20]} 24. Rxg7 {[%emt 0:00:06]} Kf8 {[%emt 0:01:11]} 25. Rg4 {[%emt 0:00:18]} Rb8 {[%emt 0:01:10]} 26. Qf4 {[%emt 0:00:05]} b5 $2 {[%emt 0:01:55]} (26... Rd8 27. Rg6 Ke8) 27. axb5 {[%emt 0:00:06]} Rxb5 {[%emt 0:00:12] [#]} 28. Rg6 {[%emt 0:00:31]} (28. Rxa7 $142 $1 {[%mdl 512]} Qxa7 {[#]} 29. Qf6 $1 {[%mdl 512]} Rb1+ 30. Kh2) 28... Ke8 {[%emt 0:03:26]} 29. Rxh6 {[%emt 0:00:12]} Rg8 {[%emt 0:00:04]} 30. Qf3 {[%emt 0:01:33]} Rb8 {[%emt 0:01:18]} 31. Rf6 {[%emt 0:00:38]} Qb7 {[%emt 0:00:51]} 32. Qxb7 {[%emt 0:02:32]} Rxb7 {[%emt 0:00:04]} 33. Ra4 {[%emt 0:00:19]} Rc7 {[%emt 0:01:33]} 34. h6 {[%emt 0:00:35]} Ke7 {[%emt 0:01:45]} 35. f4 {[%emt 0:00:35]} Rb7 {[%emt 0:03:30]} 36. f5 {[%emt 0:01:06]} exf5 {[%emt 0:05:07]} 37. Rxf5 {[%emt 0:00:08]} Rc8 {[%emt 0:03:06]} 38. Ra6 {[%emt 0:01:13]} Rb1+ {[%emt 0:01:04]} 39. Rf1 {[%emt 0:01:13]} Rb7 $18 {[%emt 0:00:45]} 40. Raf6 {[%emt 0:00:07]} Rf8 {[%emt 0:01:20]} 41. e6 {[%emt 0:30:08]} Ke8 {[%emt 0:31:52]} 42. h7 {[%emt 0:00:14]} a5 {[%emt 0:00:35]} 43. Rxf7 {[%emt 0:00:21]} Rbxf7 {[%emt 0:00:12]} 44. Rxf7 {[%emt 0:00:07]} Rh8 {[%emt 0:00:07]} 45. Ra7 Rf8 {[%emt 0:00:36]} 46. Ra8+ {[%emt 0:00:23]} 1-0

[Event "56th Rubinstein Memorial D 2020"]
[Site "Polanica Zdroj"]
[Date "2020.08.21"]
[Round "7.9"]
[White "Ciborowski, Konrad Jr"]
[Black "Sypien, Natan"]
[Result "0-1"]
[WhiteElo "1405"]
[BlackElo "1794"]
[Annotator "NA"]
[PlyCount "78"]
[EventDate "2020.08.15"]
[EventType "swiss"]
[EventCountry "POL"]
[SourceTitle "playchess.com"]
[Source "ChessBase"]
[SourceQuality "1"]
[TimeControl "40/5400+30:1800+30"]

1. e4 {[%emt 0:00:00]} b6 {[%emt 0:00:00]} 2. d4 {[%emt 0:00:46]} Bb7 {[%emt 0:00:00]} 3. Nc3 {[%emt 0:00:32]} e6 {[%emt 0:00:00]} 4. f4 {[%emt 0:02:02]} Bb4 {[%emt 0:00:06]} 5. Bd3 {[%emt 0:00:07]} f5 {[%emt 0:09:39]} 6. Qe2 {[%emt 0:07:28]} fxe4 {[%emt 0:00:30]} 7. Bxe4 {[%emt 0:00:30]} Bxe4 {[%emt 0:00:30]} 8. Qxe4 {[%emt 0:00:30]} Bxc3+ {[%emt 0:00:30]} 9. bxc3 {[%emt 0:00:30]} Nc6 {[%emt 0:00:30]} 10. Nf3 {[%emt 0:00:30]} Nf6 {[%emt 0:00:30]} 11. Qd3 {[%emt 0:00:30]} d5 {[%emt 0:00:30]} 12. O-O {[%emt 0:00:30]} O-O {[%emt 0:00:30]} 13. Ng5 {[%emt 0:00:30]} Qd7 {[%emt 0:00:30]} 14. Re1 {[%emt 0:00:30]} Rfe8 {[%emt 0:00:30]} 15. Qh3 {[%emt 0:00:30]} Nd8 {[%emt 0:00:30]} 16. a4 {[%emt 0:00:30]} h6 {[%emt 0:00:30]} 17. Nf3 {[%emt 0:00:30]} Nc6 {[%emt 0:00:30]} 18. Re2 {[%emt 0:00:30]} Ne4 {[%emt 0:00:30]} 19. Nd2 {[%emt 0:00:30]} Nxd2 {[%emt 0:00:30]} 20. Bxd2 {[%emt 0:00:30]} Na5 {[%emt 0:00:30]} 21. Kh1 {[%emt 0:00:30]} Qf7 {[%emt 0:00:30]} 22. Rg1 {[%emt 0:00:30]} Nc4 {[%emt 0:00:30]} 23. Bc1 {[%emt 0:00:30]} Nd6 {[%emt 0:00:30]} 24. Re5 {[%emt 0:00:30]} Ne4 {[%emt 0:00:30]} 25. Qf3 {[%emt 0:00:30]} c5 {[%emt 0:00:30]} 26. g4 {[%emt 0:00:30]} cxd4 {[%emt 0:00:30]} 27. g5 {[%emt 0:00:30]} Nxg5 {[%emt 0:00:30]} 28. Qe2 {[%emt 0:00:30]} Ne4 {[%emt 0:00:30]} 29. cxd4 {[%emt 0:00:30]} Rac8 {[%emt 0:00:30]} 30. Qg2 {[%emt 0:00:30]} Kh7 {[%emt 0:00:30]} 31. f5 {[%emt 0:00:30]} exf5 {[%emt 0:00:30]} 32. Rxf5 {[%emt 0:00:30]} Nf6 {[%emt 0:00:30]} 33. Rgf1 {[%emt 0:00:30]} Qg6 {[%emt 0:00:30]} 34. Qf3 {[%emt 0:00:30]} Re4 {[%emt 0:00:30]} 35. Bg5 {[%emt 0:00:30]} hxg5 {[%emt 0:00:30]} 36. Rxf6 {[%emt 0:00:30]} Qxf6 {[%emt 0:00:30]} 37. Qh3+ {[%emt 0:00:30]} Rh4 {[%emt 0:00:30]} 38. Qf3 {[%emt 0:45:39]} Re4 {[%emt 0:56:40]} 39. Qh3+ {[%emt 0:02:38]} Rh4 {[%emt 0:00:04]} 0-1

[Event "56th Rubinstein Memorial D 2020"]
[Site "Polanica Zdroj"]
[Date "2020.08.21"]
[Round "7.9"]
[White "Ciborowski, Konrad Jr"]
[Black "Sypien, Natan"]
[Result "*"]
[WhiteElo "1405"]
[BlackElo "1794"]
[Annotator "NA RC"]
[PlyCount "21"]
[EventDate "2020.08.15"]
[EventType "swiss"]
[EventCountry "POL"]
[SourceTitle "playchess.com"]
[Source "ChessBase"]
[SourceQuality "1"]
[TimeControl "40/5400+30:1800+30"]

1. e4 {[%emt 0:00:00]} b6 {[%emt 0:00:00]} 2. d4 {[%emt 0:00:46]} Bb7 {[%emt 0:00:00]} 3. Nc3 {[%emt 0:00:32]} e6 {[%emt 0:00:00]} 4. f4 {[%emt 0:02:02]} Bb4 {[%emt 0:00:06]} 5. Bd3 {[%emt 0:00:07]} f5 {[%emt 0:09:39]} 6. Qe2 {[%emt 0:07:28]} Bxc3+ {[%emt 0:00:30]} 7. bxc3 {[%emt 0:00:30]} fxe4 {[%emt 0:00:30]} 8. Bxe4 {[%emt 0:00:30]} Bxe4 {[%emt 0:00:30]} 9. Qxe4 Nc6 {[%emt 0:00:30]} 10. Nf3 {[%emt 0:01:00]} Nf6 {[%emt 0:00:30]} 11. Qd3 {[%emt 0:00:30]} *

[Event "56th Rubinstein Memorial D 2020"]
[Site "Polanica Zdroj"]
[Date "2020.08.21"]
[Round "7.10"]
[White "Szydelko, Michal"]
[Black "Ursnik, Patryk"]
[Result "1-0"]
[WhiteElo "1910"]
[BlackElo "1601"]
[Annotator "ChessBase"]
[PlyCount "63"]
[EventDate "2020.08.15"]
[EventType "swiss"]
[EventCountry "POL"]
[SourceTitle "playchess.com"]
[Source "ChessBase"]
[SourceQuality "1"]
[TimeControl "40/5400+30:1800+30"]

1. e4 {[%emt 0:00:00]} c5 {[%emt 0:05:49]} 2. Nf3 {[%emt 0:00:37]} Nc6 {[%emt 0:00:04]} 3. c4 {[%emt 0:01:30]} e6 {[%emt 0:02:21]} 4. Nc3 {[%emt 0:02:26]} Nge7 {[%emt 0:00:06]} 5. d4 {[%emt 0:00:32]} cxd4 6. Nxd4 d5 7. cxd5 {[%emt 0:08:42]} exd5 {[%emt 0:06:39]} 8. Ndb5 {[%emt 0:01:11]} a6 {[%emt 0:04:19]} 9. exd5 {[%emt 0:03:17]} axb5 {[%emt 0:02:13]} 10. Bxb5 {[%emt 0:01:21]} Nxd5 {[%emt 0:09:02]} 11. Qxd5 {[%emt 0:03:17]} Qxd5 {[%emt 0:00:12]} 12. Nxd5 {[%emt 0:00:01]} Bd6 {[%emt 0:00:11]} 13. Nb6 {[%emt 0:09:47]} Rb8 {[%emt 0:00:32]} 14. O-O {[%emt 0:05:36]} Be6 {[%emt 0:00:30]} 15. Rd1 {[%emt 0:06:04]} Bc7 {[%emt 0:07:40]} 16. Be3 {[%emt 0:00:38]} O-O {[%emt 0:01:04]} 17. Nd7 {[%emt 0:14:18]} Bxd7 {[%emt 0:00:06]} 18. Rxd7 {[%emt 0:00:06]} Be5 {[%emt 0:00:21]} 19. Rb1 {[%emt 0:00:41]} Rfd8 {[%emt 0:00:16]} 20. Rxd8+ {[%emt 0:08:09]} Rxd8 {[%emt 0:00:45]} 21. Bxc6 {[%emt 0:00:31]} bxc6 {[%emt 0:00:06]} 22. b3 {[%emt 0:00:06]} Kf8 {[%emt 0:01:44]} 23. Bc5+ {[%emt 0:07:40]} Bd6 {[%emt 0:05:28]} 24. Rd1 {[%emt 0:04:41]} Ke7 {[%emt 0:00:04]} 25. Rxd6 {[%emt 0:00:18]} Rxd6 {[%emt 0:00:06]} 26. Kf1 {[%emt 0:00:05]} Kd7 {[%emt 0:00:20]} 27. Bxd6 {[%emt 0:00:06]} Kxd6 {[%emt 0:00:03]} 28. Ke2 {[%emt 0:00:16]} Kc5 {[%emt 0:00:08]} 29. a3 {[%emt 0:00:34]} Kd4 {[%emt 0:01:49]} 30. Kd2 {[%emt 0:00:06]} f5 {[%emt 0:01:37]} 31. f4 {[%emt 0:05:33]} h6 {[%emt 0:04:10]} 32. h4 {[%emt 0:00:55]} 1-0

[Event "56th Rubinstein Memorial D 2020"]
[Site "Polanica Zdroj"]
[Date "2020.08.21"]
[Round "7.11"]
[White "Janicki, Rafal"]
[Black "Ratajczak, Hubert"]
[Result "1-0"]
[WhiteElo "1851"]
[BlackElo "1513"]
[Annotator "NA RC"]
[PlyCount "109"]
[EventDate "2020.08.15"]
[EventType "swiss"]
[EventCountry "POL"]
[SourceTitle "playchess.com"]
[Source "ChessBase"]
[SourceQuality "1"]
[TimeControl "40/5400+30:1800+30"]

1. e4 {[%emt 0:00:00]} c5 {[%emt 0:00:08]} 2. Nf3 {[%emt 0:00:00]} d6 {[%emt 0:00:38]} 3. d4 {[%emt 0:00:00]} cxd4 {[%emt 0:00:08]} 4. Qxd4 {[%emt 0:00:00]} Nc6 {[%emt 0:00:55]} 5. Bb5 {[%emt 0:00:00]} Bd7 {[%emt 0:00:35]} 6. Bxc6 {[%emt 0:00:06]} Bxc6 {[%emt 0:00:59]} 7. c4 {[%emt 0:00:08]} Nf6 {[%emt 0:00:57]} 8. Nc3 {[%emt 0:00:08]} g6 {[%emt 0:00:51]} 9. O-O {[%emt 0:00:09]} Bg7 {[%emt 0:00:07]} 10. Qd3 {[%emt 0:00:09]} O-O {[%emt 0:00:46]} 11. Nd4 {[%emt 0:00:11]} a6 {[%emt 0:00:58] B53: Sicilian: 2...d6: Lines with Qxd4.} 12. h3 {[%emt 0:00:18]} Rc8 {[%emt 0:01:10]} 13. Be3 {[%emt 0:00:33]} Qa5 {[%emt 0:01:05] [#]} 14. Rab1 $146 {[%emt 0:13:05]} ({Predecessor:} 14. Rac1 Rfd8 15. Rfe1 Be8 16. a3 e6 17. Re2 Qc7 18. b3 Qb8 19. Rec2 h6 20. b4 Qc7 21. Qd2 Qe7 22. Qe2 Qc7 23. Qd2 Qe7 24. Qe2 Qc7 25. Qd2 {½-½ (25) Ducarmon,Q (2474)-Cardon,H (2398) Netherlands 2016}) 14... e6 {[%emt 0:25:58]} 15. b4 {[%emt 0:00:30]} Qc7 {[%emt 0:00:30]} 16. Rfc1 {[%emt 0:01:42]} Qe7 {[%emt 0:10:49]} 17. a4 {[%emt 0:10:34]} d5 {[%emt 0:06:11]} (17... Nd7 $11 {keeps the balance.}) 18. cxd5 {[%emt 0:03:18]} exd5 {[%emt 0:00:07]} 19. Nxc6 {[%emt 0:00:51]} bxc6 {[%emt 0:00:50]} (19... Rxc6 $142 20. exd5 Qd7) 20. Bc5 {[%emt 0:01:07] Skewer} ({Don't take} 20. exd5 $6 Rfd8 $16) ({Resist} 20. Qxa6 $6 Qe6 $18) 20... dxe4 {[%emt 0:01:00]} 21. Qxa6 {[%emt 0:03:42]} Qe6 {[%emt 0:01:23]} 22. Bxf8 {[%emt 0:00:56]} Bxf8 {[%emt 0:00:57]} 23. Qe2 {[%emt 0:01:46]} Bd6 {[%emt 0:00:59]} 24. Qe3 {[%emt 0:07:06]} Qe5 {[%emt 0:02:40]} 25. g3 {[%emt 0:00:34]} h5 {[%emt 0:00:52]} 26. h4 {[%emt 0:05:23]} Qf5 {[%emt 0:05:13]} 27. Kg2 {[%emt 0:05:13]} Ng4 {[%emt 0:02:23]} 28. Qe2 {[%emt 0:00:59]} Re8 {[%emt 0:06:03]} 29. Nd1 {[%emt 0:02:44]} e3 {[%emt 0:13:22]} 30. Nxe3 {[%emt 0:09:11]} Rxe3 {[%emt 0:07:13]} 31. fxe3 {[%emt 0:05:50]} Qe4+ {[%emt 0:00:31] [#]} 32. Kh3 $1 {[%emt 0:05:39]} Qe6 {[%emt 0:03:56]} 33. Re1 {[%emt 0:07:54]} Nf2+ {[%emt 0:00:33]} 34. Kg2 {[%emt 0:00:55]} Qh3+ $18 {[%emt 0:00:04]} (34... Ne4 35. Rbd1 Bxg3) 35. Kxf2 {[%emt 0:00:58]} Qh2+ {[%emt 0:04:05]} 36. Kf3 {[%emt 0:01:03]} Qxg3+ {[%emt 0:00:13]} 37. Ke4 {[%emt 0:00:06]} Qe5+ {[%emt 0:00:21]} 38. Kd3 {[%emt 0:00:07]} Qd5+ {[%emt 0:00:12]} 39. Kc2 {[%emt 0:00:38]} Qa2+ {[%emt 0:00:33]} 40. Rb2 {[%emt 0:00:36]} Qxa4+ {[%emt 0:00:05]} 41. Kb1 {[%emt 0:30:09]} Be5 {[%emt 0:30:19]} 42. Qc4 {[%emt 0:01:07]} Bxb2 {[%emt 0:00:25]} 43. Kxb2 {[%emt 0:00:13]} Qa8 {[%emt 0:00:21]} 44. Rd1 {[%emt 0:02:32]} Qb8 {[%emt 0:00:18]} 45. Qf4 {[%emt 0:01:13]} Qe8 {[%emt 0:01:02]} 46. Qf6 {[%emt 0:00:26]} c5 {[%emt 0:01:52]} 47. Rd8 {[%emt 0:00:11]} Qxd8 {[%emt 0:00:05]} 48. Qxd8+ {[%emt 0:00:05]} Kg7 {[%emt 0:00:41]} 49. b5 {[%emt 0:00:09]} f6 {[%emt 0:00:11]} 50. Qe7+ {[%emt 0:00:07]} Kh6 {[%emt 0:00:13]} 51. b6 {[%emt 0:00:04]} c4 {[%emt 0:00:04]} 52. b7 {[%emt 0:00:11]} c3+ {[%emt 0:00:03]} 53. Kxc3 {[%emt 0:00:08]} f5 {[%emt 0:00:32]} 54. b8=R {[%emt 0:00:14]} g5 {[%emt 0:00:08]} 55. Rb6# 1-0

[Event "56th Rubinstein Memorial D 2020"]
[Site "Polanica Zdroj"]
[Date "2020.08.21"]
[Round "7.12"]
[White "Bienkowski, Zbigniew"]
[Black "Bednarczyk, Mateusz"]
[Result "1-0"]
[WhiteElo "1739"]
[BlackElo "1500"]
[Annotator "NA"]
[PlyCount "59"]
[EventDate "2020.08.15"]
[EventType "swiss"]
[EventCountry "POL"]
[SourceTitle "playchess.com"]
[Source "ChessBase"]
[SourceQuality "1"]
[TimeControl "40/5400+30:1800+30"]

1. e4 {[%emt 0:00:00]} c5 {[%emt 0:01:57]} 2. Nf3 {[%emt 0:00:00]} Nc6 {[%emt 0:00:05]} 3. c4 {[%emt 0:01:25]} e6 {[%emt 0:01:19]} 4. Nc3 {[%emt 0:00:28]} Nf6 {[%emt 0:00:39]} 5. d4 {[%emt 0:04:22]} cxd4 {[%emt 0:00:05]} 6. Nxd4 {[%emt 0:00:02]} Bb4 {[%emt 0:00:06]} 7. Nxc6 {[%emt 0:02:18]} bxc6 {[%emt 0:00:28]} 8. Bd3 Bxc3+ {[%emt 0:03:50]} 9. bxc3 {[%emt 0:05:15]} Qc7 {[%emt 0:01:25]} 10. O-O {[%emt 0:04:28]} O-O {[%emt 0:00:54]} 11. f4 {[%emt 0:06:41]} d5 {[%emt 0:01:01]} 12. e5 {[%emt 0:01:40]} Nd7 {[%emt 0:00:53]} 13. Ba3 {[%emt 0:16:36]} c5 {[%emt 0:01:42]} 14. Rf3 {[%emt 0:03:54]} f5 {[%emt 0:01:32]} 15. cxd5 {[%emt 0:02:42]} exd5 {[%emt 0:01:13]} 16. Rg3 {[%emt 0:19:49]} Qb6 {[%emt 0:08:42]} 17. Bxf5 {[%emt 0:06:10]} Qc6 {[%emt 0:03:48]} 18. Qc2 {[%emt 0:02:37]} Rxf5 {[%emt 0:01:36]} 19. Qxf5 {[%emt 0:00:09]} Nf6 {[%emt 0:01:46]} 20. Qg5 {[%emt 0:01:06]} Ne8 {[%emt 0:00:07]} 21. f5 {[%emt 0:03:06]} Qc7 {[%emt 0:02:08]} 22. Re1 {[%emt 0:03:10]} Rb8 {[%emt 0:00:37]} 23. h4 {[%emt 0:00:26]} Rb7 {[%emt 0:02:06]} 24. h5 {[%emt 0:00:29]} Qf7 {[%emt 0:00:24]} 25. f6 {[%emt 0:03:23]} Be6 {[%emt 0:00:43]} 26. Bxc5 {[%emt 0:00:34]} Rc7 {[%emt 0:00:14]} 27. Bb4 {[%emt 0:01:13]} Rd7 {[%emt 0:00:19]} 28. Rf1 {[%emt 0:00:42]} g6 {[%emt 0:00:14]} 29. hxg6 {[%emt 0:00:05]} hxg6 {[%emt 0:00:03]} 30. Qh6 {[%emt 0:01:48]} 1-0